[Event "30th NATO Chess Championship"]
[Site "Berlin"]
[Date "2019.09.17"]
[Round "2.36"]
[White "Meiers, Gundars"]
[Black "Balmaceda, Enrico"]
[Result "0-1"]
[WhiteElo "1785"]
[BlackElo "2006"]
[PlyCount "104"]
[EventDate "2019.09.16"]
[EventType "team-tourn"]
[EventRounds "7"]
[EventCountry "GER"]
[WhiteTeam "LAT"]
[BlackTeam "USA"]

1. d4 Nf6 2. Nf3 d6 3. c4 g6 4. Nc3 Bg7 5. e4 O-O 6. Be2 c6 7. Bg5 Qc7 8. Qd2
a6 9. Bh6 e5 10. Bxg7 Kxg7 11. d5 c5 12. h4 h5 13. Ng5 Rh8 14. O-O Qe7 15. f4
exf4 16. Rxf4 Nbd7 17. Raf1 b6 18. Bd3 Rf8 19. Qf2 Ra7 20. Qg3 Qe8 21. Qf2 Qe5
22. Ne2 Qxb2 23. g4 hxg4 24. h5 Qe5 25. h6+ Kxh6 26. Qh4+ Kg7 27. Rxf6 Nxf6 28.
Rxf6 Rh8 29. Rxf7+ Kg8 30. Qf2 Qa1+ 31. Qf1 Qxf1+ 32. Rxf1 Rh5 33. Ne6 Bxe6 34.
dxe6 Re7 35. Nf4 Rh6 36. Kg2 g5 37. Nd5 Rexe6 38. Kg3 Rh3+ 39. Kxg4 Rxd3 40.
Kf5 Re5+ 41. Kg6 Rexd5 42. exd5 b5 43. Rf6 bxc4 44. Rxd6 Kf8 45. Kf6 Ke8 46.
Ke6 g4 47. Rxa6 Re3+ 48. Kd6 c3 49. Kc6 c2 50. d6 c1=Q 51. d7+ Ke7 52. Ra8 Qh1+
0-1

[Event "30th NATO Chess Championship"]
[Site "Berlin"]
[Date "2019.09.17"]
[Round "2.37"]
[White "Rosseel, Kimball"]
[Black "Ermalis, Rytis"]
[Result "0-1"]
[WhiteElo "1759"]
[BlackElo "1960"]
[PlyCount "84"]
[EventDate "2019.09.16"]
[EventType "team-tourn"]
[EventRounds "7"]
[EventCountry "GER"]
[WhiteTeam "BEL"]
[BlackTeam "LTU"]

1. e4 Nf6 2. e5 Nd5 3. d4 d6 4. Bc4 Nb6 5. Bb3 d5 6. f4 Bf5 7. Nf3 e6 8. O-O c5
9. c3 Nc6 10. Qe2 Rc8 11. Be3 Nd7 12. Rc1 Qb6 13. Bd1 Be7 14. b3 O-O 15. Nbd2
cxd4 16. Nxd4 Nxd4 17. Bxd4 Bc5 18. Qe3 Rc7 19. b4 Bxd4 20. Qxd4 Rfc8 21. Nb3
Rc4 22. Qxb6 axb6 23. Nd4 Bd3 24. Ba4 Nf8 25. Bb5 Rxc3 26. Rxc3 Rxc3 27. Bxd3
Rxd3 28. Nb5 f6 29. exf6 gxf6 30. Rc1 Rd2 31. a3 e5 32. fxe5 fxe5 33. Rc7 Ng6
34. g3 e4 35. Rxb7 Ne5 36. Rxb6 Nf3+ 37. Kf1 Nxh2+ 38. Ke1 Nf3+ 39. Kf1 Nh2+
40. Ke1 Nf3+ 41. Kf1 e3 42. Re6 Rf2# 0-1

[Event "30th NATO Chess Championship"]
[Site "Berlin"]
[Date "2019.09.17"]
[Round "2.38"]
[White "Kruit, Erik"]
[Black "Geroly, Jozsef"]
[Result "0-1"]
[WhiteElo "1941"]
[BlackElo "1766"]
[PlyCount "78"]
[EventDate "2019.09.16"]
[EventType "team-tourn"]
[EventRounds "7"]
[EventCountry "GER"]
[WhiteTeam "NED"]
[BlackTeam "HUN"]

1. e4 d6 2. d4 g6 3. Nc3 Bg7 4. Be3 a6 5. Bd3 Nd7 6. Nf3 b5 7. d5 Bb7 8. Nd4
Rc8 9. a4 b4 10. Na2 a5 11. Bb5 Ngf6 12. f3 O-O 13. O-O Nc5 14. Nc1 e6 15. Nc6
Bxc6 16. Bxc6 exd5 17. exd5 Nfd7 18. Rb1 Ne5 19. Bb5 c6 20. dxc6 Nxc6 21. Nd3
Nd4 22. Nf4 Nxb5 23. axb5 Re8 24. Nd5 Na4 25. c3 Re5 26. Qxa4 Rxd5 27. cxb4 Bd4
28. Bxd4 Rxd4 29. Qxa5 Qg5 30. b6 Qe3+ 31. Kh1 Rc2 32. b7 Rxg2 33. b8=Q+ Kg7
34. Qbb6 Rdd2 35. Qxd6 Rxd6 36. Kxg2 Rd2+ 37. Kg3 Qe2 38. Rh1 Qf2+ 39. Kf4 Rd4+
0-1

[Event "30th NATO Chess Championship"]
[Site "Berlin"]
[Date "2019.09.17"]
[Round "2.39"]
[White "Ward, James"]
[Black "Ivanovs, Aleksejs"]
[Result "1-0"]
[WhiteElo "1923"]
[BlackElo "1757"]
[PlyCount "62"]
[EventDate "2019.09.16"]
[EventType "team-tourn"]
[EventRounds "7"]
[EventCountry "GER"]
[WhiteTeam "ENG"]
[BlackTeam "LAT"]

1. e4 e5 2. Nf3 Nc6 3. Nc3 Nf6 4. Bc4 Bc5 5. O-O a6 6. a4 d6 7. h3 h6 8. d3 Be6
9. Bxe6 fxe6 10. Be3 Nd4 11. Bxd4 Bxd4 12. Nxd4 exd4 13. Ne2 e5 14. f4 Qe7 15.
Qe1 Kd7 16. Qb4 Rab8 17. Ng3 b6 18. Nf5 Qf7 19. fxe5 dxe5 20. Rf3 c5 21. Qd2
Rbg8 22. Raf1 Qe6 23. Nxg7 Rxg7 24. Rxf6 Qe8 25. Rxb6 Rg6 26. Qa5 Rxb6 27. Qxb6
Qe6 28. Qb7+ Kd8 29. Qb8+ Qc8 30. Qxe5 Rg8 31. Qd5+ Qd7 1-0

[Event "30th NATO Chess Championship"]
[Site "Berlin"]
[Date "2019.09.17"]
[Round "2.40"]
[White "Voroblievas, Arturas"]
[Black "Graham, Frazer"]
[Result "1-0"]
[WhiteElo "1762"]
[BlackElo "1923"]
[PlyCount "81"]
[EventDate "2019.09.16"]
[EventType "team-tourn"]
[EventRounds "7"]
[EventCountry "GER"]
[WhiteTeam "LTU"]
[BlackTeam "ENG"]

1. e4 c5 2. Nf3 g6 3. d4 Bg7 4. Nc3 cxd4 5. Nxd4 Nc6 6. Be3 Nf6 7. Nxc6 dxc6 8.
Qxd8+ Kxd8 9. O-O-O+ Ke8 10. f3 Be6 11. Be2 Nd7 12. f4 Bxc3 13. bxc3 Bxa2 14.
c4 b5 15. cxb5 c5 16. Rxd7 Kxd7 17. c4 a6 18. b6 Bb3 19. Kb2 Ba4 20. Bf3 Rab8
21. Ka3 Bc6 22. Rd1+ Kc8 23. Bxc5 Rd8 24. Rb1 Rd3+ 25. Ka2 f5 26. Bxe7 fxe4 27.
Bg4+ Bd7 28. Bd1 Be6 29. Ka1 Kd7 30. Bb4 a5 31. Ba4+ Kc8 32. Be7 Bd7 33. Bc2
Rd4 34. c5 Kb7 35. Bd6 Re8 36. Be5 Rd2 37. Bxe4+ Ka6 38. b7 Be6 39. Rb6+ Ka7
40. b8=Q+ Rxb8 41. Bxb8# 1-0

[Event "30th NATO Chess Championship"]
[Site "Berlin"]
[Date "2019.09.17"]
[Round "2.41"]
[White "Langer, Herb"]
[Black "Middaugh, Jon S"]
[Result "0-1"]
[WhiteElo "1751"]
[BlackElo "1918"]
[PlyCount "120"]
[EventDate "2019.09.16"]
[EventType "team-tourn"]
[EventRounds "7"]
[EventCountry "GER"]
[WhiteTeam "CAN"]
[BlackTeam "USA"]

1. c4 Nf6 2. g3 e6 3. Bg2 d5 4. Nc3 c6 5. cxd5 exd5 6. a3 Bd6 7. Nf3 O-O 8. O-O
Re8 9. d3 Bg4 10. h3 Bh5 11. g4 Bg6 12. Bg5 h6 13. Bh4 Nbd7 14. Qd2 Qc7 15. g5
hxg5 16. Bxg5 a6 17. b4 a5 18. Rab1 axb4 19. axb4 Nh7 20. Bh4 Nb6 21. Rfc1 Qd7
22. Bg3 Bxg3 23. fxg3 Nf6 24. Ra1 Qd6 25. Rxa8 Rxa8 26. Qf4 Qxf4 27. gxf4 Nh5
28. Ne5 Nxf4 29. Nxg6 Nxg6 30. e3 Ne5 31. d4 Ng6 32. b5 Nc4 33. Nd1 Nh4 34.
bxc6 bxc6 35. Bf1 Nf3+ 36. Kf2 Nfd2 37. Bxc4 Nxc4 38. Kf3 Kf8 39. e4 Ra3+ 40.
Rc3 Rxc3+ 41. Nxc3 Nd2+ 42. Ke3 Nxe4 43. Nxe4 dxe4 44. Kxe4 Ke7 45. Ke5 g6 46.
h4 f6+ 47. Kf4 Ke6 48. Ke4 Kd6 49. Kf4 Kd5 50. Ke3 c5 51. dxc5 Kxc5 52. Ke4 Kd6
53. Kf4 Kd5 54. Kg4 Ke4 55. h5 f5+ 56. Kg5 gxh5 57. Kxh5 f4 58. Kg4 Ke3 59. Kh3
f3 60. Kh2 Ke2 0-1

[Event "30th NATO Chess Championship"]
[Site "Berlin"]
[Date "2019.09.17"]
[Round "2.42"]
[White "Drenthen, Arjan"]
[Black "Simard, Francois"]
[Result "0-1"]
[WhiteElo "1917"]
[BlackElo "1755"]
[PlyCount "72"]
[EventDate "2019.09.16"]
[EventType "team-tourn"]
[EventRounds "7"]
[EventCountry "GER"]
[WhiteTeam "NED"]
[BlackTeam "CAN"]

1. d4 d5 2. c4 e6 3. Nf3 Nf6 4. Nc3 c6 5. e3 Nbd7 6. Qc2 Bd6 7. g4 Nxg4 8. Rg1
Nh6 9. Rxg7 Qf6 10. Rxh7 Rxh7 11. Qxh7 Nf8 12. Qc2 Qxf3 13. e4 Bf4 14. Bxf4
Qxf4 15. cxd5 Bd7 16. dxc6 Bxc6 17. d5 Bd7 18. Bb5 Rc8 19. Bxd7+ Nxd7 20. h3
Qf3 21. Rd1 e5 22. Rd3 Qh1+ 23. Ke2 Ng8 24. Rg3 Ngf6 25. Qa4 Ke7 26. Qb4+ Nc5
27. d6+ Kxd6 28. Rd3+ Ke7 29. Nd5+ Ke6 30. Nxf6 Nxd3 31. Kxd3 Qd1+ 32. Ke3 Rc2
33. Qb5 Qc1+ 34. Kf3 Qf4+ 35. Kg2 Qxf2+ 36. Kh1 Qg2# 0-1

[Event "30th NATO Chess Championship"]
[Site "Berlin"]
[Date "2019.09.17"]
[Round "2.43"]
[White "Kries, Yvon"]
[Black "Tammisto, Janek"]
[Result "1-0"]
[WhiteElo "1741"]
[BlackElo "1912"]
[PlyCount "65"]
[EventDate "2019.09.16"]
[EventType "team-tourn"]
[EventRounds "7"]
[EventCountry "GER"]
[WhiteTeam "LUX"]
[BlackTeam "EST"]

1. d4 g6 2. Nf3 Bg7 3. g3 b6 4. Bg2 Bb7 5. O-O Nf6 6. c4 O-O 7. Nc3 d5 8. cxd5
Nxd5 9. Qb3 Nxc3 10. bxc3 e6 11. Ba3 Re8 12. Rad1 Nc6 13. e4 Na5 14. Qc2 Nc4
15. Bc1 c6 16. e5 b5 17. h4 Qc7 18. h5 Rac8 19. hxg6 hxg6 20. Qe4 c5 21. Qh4
Bxf3 22. Bxf3 cxd4 23. cxd4 Qa5 24. Kg2 Qxa2 25. Rh1 Nb6 26. Qh7+ Kf8 27. Bg5
Nd7 28. Be4 Rc2 29. Bxc2 Qxc2 30. Bh6 Qe4+ 31. Kg1 Bxh6 32. Qxh6+ Kg8 33. Qh8#
1-0

[Event "30th NATO Chess Championship"]
[Site "Berlin"]
[Date "2019.09.17"]
[Round "2.44"]
[White "Noviks, Maris"]
[Black "Echavarria Hidalgo, Fernando"]
[Result "0-1"]
[WhiteElo "1905"]
[BlackElo "1750"]
[PlyCount "140"]
[EventDate "2019.09.16"]
[EventType "team-tourn"]
[EventRounds "7"]
[EventCountry "GER"]
[WhiteTeam "LAT"]
[BlackTeam "CAN"]

1. d4 Nf6 2. c4 e6 3. Nf3 Bb4+ 4. Nbd2 Nc6 5. a3 Bxd2+ 6. Qxd2 O-O 7. g3 d6 8.
Bg2 e5 9. dxe5 dxe5 10. O-O Qxd2 11. Bxd2 Be6 12. Rac1 Ne4 13. Be3 Nd6 14. b3
f6 15. Nd2 Rfd8 16. Rfd1 a6 17. Ne4 Nxe4 18. Bxe4 Rxd1+ 19. Rxd1 Rd8 20. Rxd8+
Nxd8 21. Bc5 c6 22. Kf1 Bh3+ 23. Ke1 Ne6 24. Bb6 Ng5 25. Bc2 g6 26. f3 Be6 27.
h4 Nf7 28. Kf2 Nd6 29. Bc7 Ne8 30. Bb8 Kf7 31. Ba7 Nd6 32. Bc5 Nc8 33. g4 b6
34. Be3 c5 35. Be4 a5 36. Bd3 Nd6 37. Kg3 f5 38. Bg5 f4+ 39. Kf2 a4 40. bxa4
Bxc4 41. Bd8 Bb3 42. a5 bxa5 43. Bxa5 c4 44. Be4 Nxe4+ 45. fxe4 Ke6 46. g5 Kd6
47. Bb4+ Kc6 48. Kf3 Kb5 49. Bc3 Ka4 50. Bxe5 Kxa3 51. Kxf4 Bd1 52. e3 Kb3 53.
Bd4 c3 54. Bxc3 Kxc3 55. Ke5 Kd3 56. Kf4 Bb3 57. Kf3 Be6 58. Kf4 Bd7 59. e5 Be6
60. Kf3 Bd5+ 61. Kf4 Ke2 62. h5 gxh5 63. Kf5 Kxe3 64. Kf6 h4 65. Kg7 h3 66.
Kxh7 h2 67. g6 h1=Q+ 68. Kg7 Qh5 69. Kf6 Kf4 70. Kg7 Qxe5+ 0-1

[Event "30th NATO Chess Championship"]
[Site "Berlin"]
[Date "2019.09.17"]
[Round "2.45"]
[White "Demjen, Attila"]
[Black "Millener, Richard"]
[Result "1/2-1/2"]
[WhiteElo "1889"]
[BlackElo "1735"]
[PlyCount "29"]
[EventDate "2019.09.16"]
[EventType "team-tourn"]
[EventRounds "7"]
[EventCountry "GER"]
[WhiteTeam "HUN"]
[BlackTeam "ENG"]

1. e4 c6 2. d4 d5 3. exd5 cxd5 4. c4 Nf6 5. Nc3 Nc6 6. c5 g6 7. a3 Ne4 8. Nxe4
dxe4 9. d5 Ne5 10. Qa4+ Bd7 11. Qxe4 Bg7 12. Nf3 Bf5 13. Qa4+ Bd7 14. Qe4 Bf5
15. Qa4+ 1/2-1/2

[Event "30th NATO Chess Championship"]
[Site "Berlin"]
[Date "2019.09.17"]
[Round "2.46"]
[White "Stuhr, Finn"]
[Black "Wagenaar, Harm Theo"]
[Result "0-1"]
[WhiteElo "1698"]
[BlackElo "1879"]
[PlyCount "92"]
[EventDate "2019.09.16"]
[EventType "team-tourn"]
[EventRounds "7"]
[EventCountry "GER"]
[WhiteTeam "DEN"]
[BlackTeam "NED"]

1. e4 e6 2. d4 d5 3. e5 c5 4. c3 Qb6 5. Nf3 Bd7 6. a3 cxd4 7. cxd4 Bb5 8. Bd3
Bxd3 9. Qxd3 Qa6 10. Qxa6 Nxa6 11. O-O Ne7 12. Nc3 Nf5 13. g4 Ne7 14. Nb5 Nc6
15. Be3 Be7 16. Bg5 h6 17. Bxe7 Kxe7 18. h4 Rhf8 19. Nd2 Kd7 20. f4 Nc7 21.
Nxc7 Kxc7 22. Rac1 Kd7 23. Nf3 Rac8 24. b4 a6 25. h5 f5 26. g5 hxg5 27. fxg5
Rh8 28. Kg2 Rxh5 29. Rb1 b5 30. Rf2 Ne7 31. a4 Rc4 32. axb5 axb5 33. Ra2 Nc6
34. Rd2 Rh8 35. Kf2 Rxb4 36. Rg1 Rc4 37. Ra1 b4 38. Ra6 Rb8 39. g6 b3 40. Ra1
Rcb4 41. Rb2 Rh8 42. Rg1 Rh6 43. Ke3 Na5 44. Rh2 Rxh2 45. Nxh2 b2 46. Rb1 Nc4+
0-1

[Event "30th NATO Chess Championship"]
[Site "Berlin"]
[Date "2019.09.17"]
[Round "2.47"]
[White "Kocur, Marc"]
[Black "O`Byrne, Daniel"]
[Result "1-0"]
[WhiteElo "1878"]
[BlackElo "1659"]
[PlyCount "95"]
[EventDate "2019.09.16"]
[EventType "team-tourn"]
[EventRounds "7"]
[EventCountry "GER"]
[WhiteTeam "BEL"]
[BlackTeam "ENG"]

1. e4 c5 2. d3 e6 3. Nf3 d5 4. Nbd2 Nf6 5. g3 dxe4 6. dxe4 Be7 7. Bg2 Nc6 8.
O-O O-O 9. Re1 Nd4 10. e5 Nxf3+ 11. Bxf3 Nd5 12. a3 Rb8 13. c4 Nb6 14. Qc2 Bd7
15. Be4 g6 16. Nf3 Qc7 17. Bh6 Rfd8 18. h4 Bc6 19. h5 Bxe4 20. Rxe4 Qd7 21. Re3
Bf8 22. Bg5 Be7 23. hxg6 fxg6 24. Qe2 Kg7 25. Kg2 h6 26. Bxe7 Qxe7 27. b3 Rd7
28. Nd2 Rbd8 29. Ne4 Nc8 30. Rh1 b6 31. g4 Rd4 32. Reh3 Rh8 33. f3 Qd8 34. Qe3
Rd3 35. Qf4 g5 36. Nxg5 hxg5 37. Qf6+ Qxf6 38. exf6+ Kxf6 39. Rxh8 Nd6 40.
R8h6+ Ke5 41. Re1+ Kd4 42. Rhxe6 Kc3 43. R1e3 Nxc4 44. Rxd3+ Kxd3 45. bxc4 Kxc4
46. f4 gxf4 47. g5 Kd5 48. Re1 1-0

[Event "30th NATO Chess Championship"]
[Site "Berlin"]
[Date "2019.09.17"]
[Round "2.48"]
[White "Nelder, Allan"]
[Black "Glibert, Stephane"]
[Result "0-1"]
[WhiteElo "1645"]
[BlackElo "1865"]
[PlyCount "100"]
[EventDate "2019.09.16"]
[EventType "team-tourn"]
[EventRounds "7"]
[EventCountry "GER"]
[WhiteTeam "ENG"]
[BlackTeam "BEL"]

1. e4 c5 2. Nc3 d6 3. f4 Nc6 4. Nf3 e6 5. Bc4 a6 6. a4 Nge7 7. d3 g6 8. Be3 d5
9. f5 dxc4 10. f6 Ng8 11. e5 cxd3 12. cxd3 Nb4 13. d4 Nh6 14. Bxh6 Bxh6 15. Ne4
O-O 16. Nd6 Qa5 17. O-O Be3+ 18. Kh1 cxd4 19. Nxd4 Qxe5 20. Nf3 Qxf6 21. Qb3
Nd5 22. Ne4 Qg7 23. Rae1 Bd7 24. Rxe3 Nxe3 25. Qxe3 Bxa4 26. Nfg5 h6 27. Nf6+
Kh8 28. Nge4 Bc6 29. Ng3 Rad8 30. h3 Bb5 31. Ngh5 gxh5 32. Nxh5 Bxf1 33. Nxg7
Kxg7 34. Qe5+ f6 35. Qxe6 Bb5 36. Qe7+ Kg6 37. Qe4+ f5 38. Qe6+ Rf6 39. Qe7 Rd7
40. Qe3 Rfd6 41. Qe8+ Kg7 42. Qe5+ Kg6 43. Qe8+ Kf6 44. Qf8+ Ke5 45. Qe8+ Kd5
46. Qg8+ Kc6 47. Qc8+ Kb6 48. b4 Bc6 49. Qe8 Rd1+ 50. Kh2 Rh1+ 0-1

[Event "30th NATO Chess Championship"]
[Site "Berlin"]
[Date "2019.09.17"]
[Round "2.49"]
[White "Adolfssen, Rico"]
[Black "Windey, Luc"]
[Result "1/2-1/2"]
[WhiteElo "1864"]
[BlackElo "1628"]
[PlyCount "67"]
[EventDate "2019.09.16"]
[EventType "team-tourn"]
[EventRounds "7"]
[EventCountry "GER"]
[WhiteTeam "DEN"]
[BlackTeam "BEL"]

1. e4 c5 2. f4 Nc6 3. Nf3 d6 4. Nc3 e6 5. b3 g6 6. Bb2 Bg7 7. Bb5 Nge7 8. Qe2
a6 9. Bxc6+ Nxc6 10. f5 Nd4 11. Nxd4 cxd4 12. Nd1 O-O 13. fxg6 fxg6 14. Nf2 b5
15. O-O Bb7 16. d3 e5 17. Ng4 Qe7 18. Ba3 a5 19. Rxf8+ Rxf8 20. Rf1 b4 21. Bc1
Bc8 22. Nh6+ Kh8 23. Rxf8+ Qxf8 24. Ng4 h5 25. Nf2 Bh6 26. Bxh6 Qxh6 27. Qe1
Kg8 28. Nd1 Kf7 29. Nb2 Be6 30. h3 Qf4 31. Qf2 Ke7 32. Qxf4 exf4 33. Kf2 Kf6
34. Na4 1/2-1/2

[Event "30th NATO Chess Championship"]
[Site "Berlin"]
[Date "2019.09.17"]
[Round "2.50"]
[White "Charles, Freddy"]
[Black "Bublys, Vaidotas"]
[Result "1-0"]
[WhiteElo "1655"]
[BlackElo "1863"]
[PlyCount "69"]
[EventDate "2019.09.16"]
[EventType "team-tourn"]
[EventRounds "7"]
[EventCountry "GER"]
[WhiteTeam "BEL"]
[BlackTeam "LTU"]

1. d4 e6 2. Bf4 f5 3. e3 Nf6 4. Nf3 Be7 5. h3 O-O 6. Bd3 d6 7. Nbd2 Qe8 8. Qe2
Nbd7 9. O-O-O Bd8 10. Bh2 b6 11. e4 fxe4 12. Nxe4 d5 13. Nxf6+ Rxf6 14. Bb5 a6
15. Bc6 Ra7 16. Bxd5 Bb7 17. Bxb7 Rxb7 18. Rhe1 Qg6 19. Bg3 c6 20. Qxa6 Rb8 21.
Qa7 Qe8 22. Ne5 Nxe5 23. Bxe5 Rc8 24. Bxf6 Bxf6 25. Qa3 Qd7 26. Qe3 Kf7 27. f4
h6 28. g4 Qd5 29. Qb3 Qd6 30. Kb1 Re8 31. f5 b5 32. Rxe6 Rxe6 33. Qxe6+ Qxe6
34. fxe6+ Kxe6 35. c3 1-0

[Event "30th NATO Chess Championship"]
[Site "Berlin"]
[Date "2019.09.17"]
[Round "2.51"]
[White "Korge, Kersti"]
[Black "Gaiducis, Sergejus"]
[Result "1/2-1/2"]
[WhiteElo "1842"]
[BlackElo "1590"]
[PlyCount "137"]
[EventDate "2019.09.16"]
[EventType "team-tourn"]
[EventRounds "7"]
[EventCountry "GER"]
[WhiteTeam "EST"]
[BlackTeam "LTU"]

1. e4 e5 2. Nf3 Nc6 3. Bc4 Bc5 4. c3 Nf6 5. d3 h6 6. Nbd2 O-O 7. Nf1 d5 8. exd5
Nxd5 9. Ng3 Bg4 10. O-O Nb6 11. Bb3 Qf6 12. Ne4 Qe7 13. Nxc5 Qxc5 14. Be3 Qe7
15. Bxb6 axb6 16. Bd5 Rfd8 17. Bxc6 bxc6 18. Qe2 f6 19. Qe4 Qe6 20. d4 Bxf3 21.
gxf3 Qd5 22. dxe5 fxe5 23. Rfe1 Qxe4 24. Rxe4 Rd2 25. b4 Raxa2 26. Rxa2 Rxa2
27. Rxe5 Rc2 28. Re3 Kf7 29. Kg2 Kf6 30. h4 Rd2 31. Kg3 Rd5 32. f4 c5 33. bxc5
Rxc5 34. Kg4 Rd5 35. h5 c5 36. c4 Rd4 37. Rb3 Rd6 38. f3 Ke7 39. Kf5 Kd7 40.
Re3 Rf6+ 41. Kg4 Re6 42. Ra3 Kc6 43. Kf5 Rd6 44. Ke5 Rd4 45. Rc3 Rd1 46. Kf5 b5
47. cxb5+ Kxb5 48. Rb3+ Kc6 49. Rb8 Rd7 50. Ke4 c4 51. Rc8+ Kb5 52. f5 Kb4 53.
Ke3 Kb3 54. Rc6 c3 55. f6 c2 56. fxg7 Rxg7 57. Kd2 Rd7+ 58. Ke3 Rd5 59. Rb6+
Kc3 60. Rc6+ Kb2 61. Rb6+ Kc1 62. Rxh6 Kd1 63. Rc6 Rxh5 64. Rd6+ Kc1 65. Rc6
Rb5 66. Kd3 Rb3+ 67. Ke2 Kb2 68. Kd2 Rxf3 69. Rxc2+ 1/2-1/2

[Event "30th NATO Chess Championship"]
[Site "Berlin"]
[Date "2019.09.17"]
[Round "2.52"]
[White "Ulusoy, Mustafa"]
[Black "Cappon, Kaan"]
[Result "1/2-1/2"]
[WhiteElo "1625"]
[BlackElo "1841"]
[PlyCount "44"]
[EventDate "2019.09.16"]
[EventType "team-tourn"]
[EventRounds "7"]
[EventCountry "GER"]
[WhiteTeam "TUR"]
[BlackTeam "BEL"]

1. d4 Nf6 2. Nf3 g6 3. Bg5 Bg7 4. e3 O-O 5. Nbd2 d5 6. Be2 Nbd7 7. O-O c6 8.
Rc1 Re8 9. c4 Nf8 10. Bxf6 Bxf6 11. cxd5 cxd5 12. Bb5 Bd7 13. Qb3 e6 14. Rc3
Rc8 15. Rfc1 Rxc3 16. Rxc3 Bxb5 17. Qxb5 Qb8 18. Nb3 a6 19. Qe2 Nd7 20. Qc2 Nb6
21. Nc5 Nc4 22. Nd7 Qd8 1/2-1/2

[Event "30th NATO Chess Championship"]
[Site "Berlin"]
[Date "2019.09.17"]
[Round "2.53"]
[White "Christen, Pierre"]
[Black "Sass, Andrew"]
[Result "1-0"]
[WhiteElo "1837"]
[BlackElo "1551"]
[PlyCount "57"]
[EventDate "2019.09.16"]
[EventType "team-tourn"]
[EventRounds "7"]
[EventCountry "GER"]
[WhiteTeam "LUX"]
[BlackTeam "CAN"]

1. c4 e6 2. g3 Nf6 3. Bg2 d5 4. Nf3 c6 5. b3 Be7 6. O-O O-O 7. Bb2 Nbd7 8. d4
c5 9. cxd5 Nxd5 10. e4 Nb4 11. a3 Nc6 12. dxc5 Nxc5 13. Nbd2 Qb6 14. Qc2 Nd7
15. e5 Qc7 16. Ne4 h6 17. g4 Qd8 18. Rad1 Qe8 19. g5 h5 20. Rxd7 Bxd7 21. Nf6+
Bxf6 22. gxf6 g6 23. Qd2 Ne7 24. Nh4 Kh7 25. fxe7 Qxe7 26. Bc1 Bb5 27. Qh6+ Kg8
28. Re1 Qxh4 29. Bg5 1-0

[Event "30th NATO Chess Championship"]
[Site "Berlin"]
[Date "2019.09.17"]
[Round "2.54"]
[White "Ross, David"]
[Black "Crapulli, Giuseppe"]
[Result "0-1"]
[WhiteElo "1599"]
[BlackElo "1836"]
[PlyCount "72"]
[EventDate "2019.09.16"]
[EventType "team-tourn"]
[EventRounds "7"]
[EventCountry "GER"]
[WhiteTeam "ENG"]
[BlackTeam "ITA"]

1. e4 c5 2. Nc3 a6 3. g3 b5 4. Bg2 Bb7 5. d3 e6 6. Nf3 Nc6 7. O-O d6 8. b3 Be7
9. Bb2 Nf6 10. Ne2 O-O 11. Re1 d5 12. exd5 Nxd5 13. c4 Nb6 14. cxb5 axb5 15. a3
Qd7 16. Qc2 Rfd8 17. Rad1 Rac8 18. d4 Nxd4 19. Nexd4 cxd4 20. Qd3 Bxf3 21. Bxf3
Bf6 22. Qe4 Rc7 23. Rd3 e5 24. Bg4 Qd6 25. Re2 g6 26. h4 Nd7 27. b4 Nb6 28. h5
Bg7 29. h6 f5 30. Qh1 Bf6 31. Bh3 e4 32. Rd1 d3 33. Bxf6 Qxf6 34. Rxe4 fxe4 35.
Qxe4 Re7 36. Qg4 d2 0-1

[Event "30th NATO Chess Championship"]
[Site "Berlin"]
[Date "2019.09.17"]
[Round "2.55"]
[White "Slaidins, Janis"]
[Black "Murray, Brian"]
[Result "1-0"]
[WhiteElo "1834"]
[BlackElo "1491"]
[PlyCount "45"]
[EventDate "2019.09.16"]
[EventType "team-tourn"]
[EventRounds "7"]
[EventCountry "GER"]
[WhiteTeam "LAT"]
[BlackTeam "CAN"]

1. e4 e5 2. Nf3 d6 3. d4 Nd7 4. dxe5 dxe5 5. Bc4 Be7 6. Qd5 Nb6 7. Qxf7+ Kd7 8.
O-O c6 9. Rd1+ Nd5 10. exd5 Kc7 11. Nc3 Bd7 12. dxc6 bxc6 13. Nxe5 Nf6 14. Nxd7
Nxd7 15. Be6 Rf8 16. Qxg7 Bd6 17. Bxd7 Bxh2+ 18. Kxh2 Qh4+ 19. Bh3+ Kb6 20.
Be3+ c5 21. Rd6+ Ka5 22. Qc7+ Kb4 23. Qb7+ 1-0

[Event "30th NATO Chess Championship"]
[Site "Berlin"]
[Date "2019.09.17"]
[Round "2.56"]
[White "Ghiacy, Jelani"]
[Black "Allmann, Lauri"]
[Result "0-1"]
[WhiteElo "1238"]
[BlackElo "1827"]
[PlyCount "120"]
[EventDate "2019.09.16"]
[EventType "team-tourn"]
[EventRounds "7"]
[EventCountry "GER"]
[WhiteTeam "CAN"]
[BlackTeam "EST"]

1. e4 g6 2. Nf3 Bg7 3. d4 Nf6 4. e5 Nd5 5. g3 O-O 6. Bg2 d6 7. O-O Nc6 8. exd6
Qxd6 9. c3 Bf5 10. Nh4 Bd7 11. Qb3 Nb6 12. Be3 Na5 13. Qd1 Bc6 14. Bf4 Qd7 15.
Nf3 f6 16. Nbd2 Nd5 17. Be3 Rad8 18. Rc1 b6 19. b4 Ba4 20. Qe2 Nb7 21. a3 Nd6
22. Ne1 Nf5 23. Bxd5+ Qxd5 24. Bf4 Bc6 25. f3 e5 26. Be3 Rfe8 27. Ng2 exd4 28.
cxd4 Nxd4 29. Qc4 f5 30. Qxd5+ Rxd5 31. Kf2 Bb5 32. Rfe1 c5 33. bxc5 Rxc5 34.
h4 Rc2 35. Rxc2 Nxc2 36. Rc1 Nxe3 37. Nxe3 Bd4 38. Re1 Bc3 39. Nd5 Rxe1 40.
Kxe1 Bb2 41. Nc7 Bd3 42. f4 Bxa3 43. Nb3 Bb2 44. Kf2 a5 45. Ke3 Bc2 46. Nd4 Be4
47. Ncb5 a4 48. Kd2 a3 49. Nc3 a2 50. Nxa2 Bxd4 51. Nb4 Bf2 52. Nd3 Bxd3 53.
Kxd3 Bxg3 54. Kc4 Bxf4 55. Kb5 Be3 56. Kb4 f4 57. Kc4 b5+ 58. Kc3 f3 59. Kd3 f2
60. Ke2 b4 0-1

[Event "30th NATO Chess Championship"]
[Site "Berlin"]
[Date "2019.09.17"]
[Round "2.57"]
[White "Van den Heuvel, Tonnie"]
[Black "Landry-Girard, Simon"]
[Result "1-0"]
[WhiteElo "1819"]
[BlackElo "1096"]
[PlyCount "56"]
[EventDate "2019.09.16"]
[EventType "team-tourn"]
[EventRounds "7"]
[EventCountry "GER"]
[WhiteTeam "NED"]
[BlackTeam "CAN"]

1. c4 e5 2. g3 Nc6 3. Bg2 Nf6 4. Nc3 d6 5. d3 Be6 6. Nd5 Nxd5 7. cxd5 Bd7 8.
dxc6 bxc6 9. Qc2 d5 10. Nf3 Bd6 11. O-O O-O 12. d4 e4 13. Ne5 Bxe5 14. dxe5 Qe7
15. f4 exf3 16. Rxf3 Qxe5 17. Bf4 Qd4+ 18. Be3 Qb4 19. Bc5 Qb5 20. Bxf8 Kxf8
21. Qxh7 Ke7 22. Qxg7 Rf8 23. Re3+ Be6 24. Rxe6+ Kxe6 25. Qxf8 Qxb2 26. Bh3+
Ke5 27. Qe7+ Kd4 28. Qf6+ Kc5 1-0

[Event "30th NATO Chess Championship"]
[Site "Berlin"]
[Date "2019.09.17"]
[Round "3.1"]
[White "Kedzierski, Slawomir"]
[Black "Pavlidis, Anastasios"]
[Result "1/2-1/2"]
[WhiteElo "2163"]
[BlackElo "2338"]
[PlyCount "73"]
[EventDate "2019.09.16"]
[EventType "team-tourn"]
[EventRounds "7"]
[EventCountry "GER"]

1. d4 g6 2. c4 Bg7 3. Nc3 d6 4. Nf3 Nf6 5. g3 O-O 6. Bg2 Nbd7 7. O-O e5 8. d5
Qe7 9. e4 Nc5 10. Ne1 a5 11. Nd3 Nxd3 12. Qxd3 Nd7 13. Be3 f5 14. exf5 gxf5 15.
f4 e4 16. Qd2 Nf6 17. Ne2 c5 18. dxc6 bxc6 19. Rfd1 Be6 20. Rac1 Rfd8 21. b3 c5
22. h3 a4 23. Nc3 axb3 24. axb3 d5 25. cxd5 Nxd5 26. Nxd5 Rxd5 27. Qf2 Rxd1+
28. Rxd1 Bxb3 29. Bxc5 Qc7 30. Rc1 Qd7 31. Bf1 Rc8 32. Be3 Rxc1 33. Bxc1 Qd1
34. Be3 Bc4 35. Kg2 Bxf1+ 36. Qxf1 Qxf1+ 37. Kxf1 1/2-1/2